| 000 | 00891nam a2200265Ia 4500 | ||
|---|---|---|---|
| 003 | OSt | ||
| 005 | 20220927110848.0 | ||
| 006 | a|||||r|||| 00| 0 | ||
| 007 | ta | ||
| 008 | 220926b |||||||| |||| 00| 0 eng d | ||
| 024 | _a107430 | ||
| 037 | _cReports | ||
| 040 |
_aRTL _cRTL _beng |
||
| 041 |
_2eng _aeng |
||
| 082 | _a"Y72.241.N7t, L9/GD" | ||
| 110 |
_a"India, Plann Commission , Plan Project( Commit on-)Tribal Development Program(Study team on-)" _9380705 |
||
| 245 | 0 | _aReport of the study team on tribal development programmes Madras. | |
| 260 |
_aNew _bDelhi MOP India _c1971 |
||
| 300 |
_a80p _ccm. |
||
| 490 | _vMadras | ||
| 650 | _aTribes | ||
| 700 |
_a"India, Plann Commission , Plan Project( Commit on-)Tribal Development Program(Study team on-)" _9380706 |
||
| 942 |
_h"Y72.241.N7t, L9/GD" _cCC |
||
| 999 |
_c698212 _d698212 |
||